KOHA-Header-6

Sunan Abu Dawood (Record no. 12231)

000 -LEADER
fixed length control field 00355nam a22001457a 4500
020 ## - INTERNATIONAL STANDARD BOOK NUMBER
ISBN 9789696931089
082 ## - DEWEY DECIMAL CLASSIFICATION NUMBER
Classification number 297.3
100 ## - MAIN ENTRY--AUTHOR NAME
Personal name Imam Abu Dawood Sulaiman bin Ashath Sajistani
245 ## - TITLE STATEMENT
Title Sunan Abu Dawood
250 ## - EDITION STATEMENT
Edition statement Volume -1
260 ## - PUBLICATION, DISTRIBUTION, ETC. (IMPRINT)
Place of publication Lahore
Name of publisher Maktab-a-Islamia
Year of publication 2006
300 ## - PHYSICAL DESCRIPTION
Number of Pages 600
650 ## - SUBJECT ADDED ENTRY--TOPICAL TERM
Topical Term Islamic Publication
942 ## - ADDED ENTRY ELEMENTS (KOHA)
Koha item type Books
Holdings
Withdrawn status Lost status Collection code Permanent Location Current Location Shelving location Date acquired Full call number Accession Number Koha item type
      MAJU MAJU   2019-10-29 297.3 9508 Hadith
      MAJU MAJU   2019-10-29 297.3 9509 Hadith
      MAJU MAJU   2019-10-27 297.3 9510 Hadith

Powered by Koha